Chinese Numbers - Statistics

General Stats
  • This quiz has been taken 1,105 times
  • The average score is 14 of 15
Answer Stats
Character Number % Correct
1
100%
2
100%
10
98%
3
96%
7
95%
8
95%
9
94%
4
91%
5
91%
6
90%
100
85%
1,000
83%
0
81%
万/萬 10,000
78%
亿/億 100,000,000
74%
No matching quizzes found
Score Distribution
Percent of People with Each Score
Percentile by Number Answered
Your Score History
You have not taken this quiz